Two cheers for the Commonwealth : (Record no. 23985)
[ view plain ]
| 000 -LEADER | |
|---|---|
| fixed length control field | 00728nam a22002412 4500 |
| 001 - CONTROL NUMBER | |
| control field | 23985 |
| 003 - CONTROL NUMBER IDENTIFIER | |
| rucl marc code | BD-RjUL |
| 005 - DATE AND TIME OF LATEST TRANSACTION | |
| control field | 20211209001008.0 |
| 008 - FIXED-LENGTH DATA ELEMENTS--GENERAL INFORMATION | |
| fixed length control field | 140312s1970 xx 000 0 eng d |
| 035 ## - SYSTEM CONTROL NUMBER | |
| System control number | (BD-RjUL)24050 |
| 040 ## - CATALOGING SOURCE | |
| Original cataloging agency | PAU |
| Transcribing agency | PAU |
| Modifying agency | BD-RjUL |
| Language of cataloging | eng |
| 041 ## - LANGUAGE CODE | |
| Language code of text/sound track or separate title | eng |
| 082 ## - DEWEY DECIMAL CLASSIFICATION NUMBER | |
| Classification number | 820.9 |
| Author mark and year | IYT 1970 |
| 100 1# - MAIN ENTRY--PERSONAL NAME | |
| Personal name | Srinivasa Iyengar, K. R. |
| 9 (RLIN) | 73857 |
| 245 10 - TITLE STATEMENT | |
| Title | Two cheers for the Commonwealth : |
| Remainder of title | talks on literature and education / |
| Statement of responsibility, etc. | [by] K. R. Srinivasa Iyengar. |
| 260 ## - PUBLICATION, DISTRIBUTION, ETC. (IMPRINT) | |
| Place of publication, distribution, etc. | Bombay : |
| Name of publisher, distributor, etc. | Asia Pub. House, |
| Date of publication, distribution, etc. | c1970. |
| 300 ## - PHYSICAL DESCRIPTION | |
| Pagination | ix, 315 p. ; |
| Size | 23 cm. |
| 650 #0 - SUBJECT ADDED ENTRY--TOPICAL TERM | |
| Topical term or geographic name as entry element | English literature. |
| 9 (RLIN) | 73858 |
| Topical term or geographic name as entry element | Universities and colleges. |
| 9 (RLIN) | 73859 |
| 942 ## - ADDED ENTRY ELEMENTS (KOHA) | |
| Source of classification or shelving scheme | Dewey Decimal Classification |
| Koha item type | Books |
| Lost status | Source of classification or shelving scheme | Damaged status | Not for loan | Collection code | Permanent Location | Current Location | Shelving location | Date acquired | Source of acquisition | Cost, normal purchase price | Total Checkouts | Full call number | Date last seen | Copy number | Koha item type |
|---|---|---|---|---|---|---|---|---|---|---|---|---|---|---|---|
| Dewey Decimal Classification | Added to bundle | Fiction | Central Library, University of Rajshahi | Central Library, University of Rajshahi | Reading Room | 19/06/1976 | India Govt. | 0.00 | 820.9 IYT 1970 | 12/03/2014 | C-1 | Books |